00601nam a2200205Ia 4500008004100000020001800041050001400059100001300073245003700086245001400123260002900137260000900166300001700175300001100192650001900203650002200222650002100244999001900265952011100284160319s9999 xx 000 0 und d a9789710545032 bO58k 2010 aOng, Bob aAng mga kaibigan ni mama Susan / c Bob Ong. bVisual Print Enterprises c2010 a127 pages ;  c18 cm. aDiary fiction. aSuspense fiction. aTagalog fiction. c292309d292309 001040aSSISBbSSISBcFILd2016-03-19l0oFil Fic O58k 2010pUS 1647r2016-03-19 00:00:00w2016-03-19yBK